Kodungattinu munpu rubber marangal insure cheyyam (Record no. 61881)

MARC details
000 -LEADER
fixed length control field 00274nam a2200109Ia 4500
100 ## - MAIN ENTRY--AUTHOR NAME
Personal name Joseph P J
245 #0 - TITLE STATEMENT
Title Kodungattinu munpu rubber marangal insure cheyyam
260 ## - PUBLICATION, DISTRIBUTION, ETC. (IMPRINT)
Name of publisher Karshakan
Year of publication 2009
300 ## - PHYSICAL DESCRIPTION
Number of Pages 61-62
942 ## - ADDED ENTRY ELEMENTS (KOHA)
Koha item type Journals
Holdings
Withdrawn status Lost status Damaged status Not for loan Home library Current library Date acquired Serial Enumeration / chronology Koha item type
      Journals RRII Library RRII Library 01/01/2021 Volume 17, Issue 5 Journals